02055agaaa2200325 45000010005000000030009000050050017000140070009000310080040000400400023000800410013001031000046001161300031001622400041001932450221002342460034004552500022004892600109005113000034006205080207006545110092008615200454009535380016014075460013014236500057014367000053014937000064015467000061016107000058016714800IT-RoPAU20220918181228.0d cvaizq50131s9999||||xx ||| | || ||und|| aIT-RoPAUcIT-RoPAU aITALIANO aZieff HowardgCodice regista SPICS: 22453 aSOLDATO GIULIA AGLI ORDINI aCONVERSAZIONE CON LEV KULESOVg70395 aSOLDATO GIULIA AGLI ORDINIcProdotto da: Hawv Goldie Meyers N -- Sceneggiatura: Meyers Nancy Shyrer Charles Miller Harvey -- Diretto da: Zieff HowardpSOLDATO GIULIA AGLI ORDINI (Rif. Codice opera principale : H4800) aCONVERSAZIONE CON LEV KULESOV aEdizione Standard a(USA)bWARNER BROS / Distribuzione: MESSAGGERIE LAZIALIg"2003 (1° ed.: 2003 ; Ed. Lingua Orig.: 1980)" aDVDbsonoro, col.c105 minuti a"Fotografia: Walsh David M.; Montaggio: Kahn Sheldon; Musica: Conti Bill; Sceneggiatura: Meyers Nancy Shyrer Charles Miller Harvey; Scenografia: Boyle Robert F.; Soggetto: Miller Harvey -- Meyers Nancy" a"Hawn Goldie; Brennan Eileen; Assante Armando; Webber Robert; Wanamaker Sam; Barbie Ba" aPROSTRATA PER LA PERDITA DEL MARITO (MORTO LA NOTTE DELLE NOZZE), LA BELLA, RICCA E UN PO' OCHETTA GIULIA DECIDE, PER DARE UNA DIREZIONE ALLA SUA VITA, DI ARRUOLARSI NELL'ESERCITO. I SUOI ESORDI COME RECLUTA SONO DISATROSI, COME ERA PREVEDIBILE TANTO E' SCIOCCHINA E VIZIATA. POI COMINCIA A PRENDEREGUSTO E GRINTA. DECIDE DI RIMANERE NELL'ESERCITO ANCHE QUANDO NUOVE PROSPETTIVE MATRIMONIALI SI PROFILANO ALL'ORIZZONTE. ESILARANTE COMMEDIA A COLORI. aPAL, STEREO aITALIANO aCOMMEDIAeDVD-FILM [DVD]xCodice MATERIA SPICS: 9947 aConti Bille(musica)gCodice Musica SPICS: 18902 aMeyers Nancy e(soggetto)gCodice Soggetto 2° SPICS: 38987 aMiller Harvey e(soggetto)gCodice Soggetto SPICS: 57835 aZieff Howard e(regista)gCodice regista SPICS: 22453